| 000 | 00573nam a2200181 a 4500 | ||
|---|---|---|---|
| 999 |
_c1465 _d1465 |
||
| 008 | 200106t ii ad||g |||| 00| 0 eng d | ||
| 020 |
_a9788175981201 _cRs.225.00 |
||
| 040 |
_aKO _beng |
||
| 041 | 0 | _aeng | |
| 082 | 0 | 4 |
_223 _a623.8884 _bM3388 |
| 245 | 1 | 0 |
_aMariner' Rule of The Road : _bInterpretations For Collision Avoidance / _cEdited by Errol Fernandes |
| 260 |
_aMumbai : _bSterling Book House . _c[201-?] |
||
| 300 |
_a203 p. : _bill., charts ; _c22 cm |
||
| 650 | 0 |
_aRule of the road at sea _vTextbooks |
|
| 700 |
_aFernandes, Errol _eedt |
||
| 942 | _cBK | ||